[Event "Open"]
[Site "Warsaw, Poland"]
[Date "2021.12.28"]
[Round "12.3"]
[White "Gukesh, D"]
[Black "Abdusattorov, Nodirbek"]
[Result "*"]
[WhiteClock "00:04:32"]
[BlackClock "00:05:51"]
[ReferenceTime "B/2021-12-28T18:26:34.533+01:00"]
[WhiteElo "2050"]
[BlackElo "2593"]

1. d4 Nf6 2. c4 e6 3. Nf3 d5 4. Nc3 dxc4 5. e4
b5 6. e5 Nd5 7. Nxb5 Nb6 8. Be2 Be7 9. Be3 Nc6 10.
h4 Bb7
11. h5 Qd7 12. Nc3 Nb4 13. Kf1 O-O-O 14. b3 cxb3 15. axb3 
Kb8 16. Na4 N6d5 17. Bd2 g5 18. Nc5 Bxc5 19.
dxc5 Qc6 20. Qc1 Nf4 21. Bxf4 gxf4 22. Rh4 Nd3 23. Qc4
Nxe5 24. Nxe5 Qxg2+ 25. Ke1 Qg1+ 26. Bf1 Rd5 27. Nf3 Qg7 
28.
Rc1 Rhd8 29. c6 Qb2 30. cxb7 Re5+ 31. Be2 Rxe2+ 32. Kf1 *